000
00322nam a22001457a 4500
008
210301b ||||| |||| 00| 0 eng d
020
_a
304520203285929
041
_a
eng
080
_2
4th
_a
91
082
_a
91
100
_a
42
101
_a
GJEO
245
_a
Earth portrait of a Planet
_c
Marshak. S
942
_2
udc
_c
BK
999
_c
55325
_d
55325